| 000 | 01286nam a2200265 4500 | ||
|---|---|---|---|
| 001 | 0000017840 | ||
| 003 | CO-CtgCURN | ||
| 005 | 20250828152810.0 | ||
| 008 | 160627s1999 000 0 eng d | ||
| 020 | _a9586902013 | ||
| 040 |
_aCO-CtgCURN _bspa _ccoctgcurn |
||
| 082 | 0 |
_a347.06 _bF43r |
|
| 100 | 1 | _aFierro-Mendez, Heliodoro. | |
| 245 | 1 | 3 |
_aLa resolucion acusatoria y acusacion por indicios / _cHeliodoro Fierro-Mendez. |
| 260 |
_aBogotá : _bLeyer, _c1999. |
||
| 300 | _a143 p. | ||
| 336 | _2rdacontent | ||
| 337 |
_2rdamedia _asin mediacion _bn |
||
| 338 |
_2rdacarrier _avolumen _bnc |
||
| 505 | 8 | _aImputacion de las circunstancas de agravacion punitiva a travesde la jurisprudencia de la corte suprema de justicia.--Imputacion de las circunstancias de agravacion punitiva a traves de la jurisprudencia de la corte constitucional.--Las circunstancia de agravacion punitiva en el contexto del injusto culpable.--Imputacion de la esencia segun la corte constitucional.--Hacia una propuesta teorica.--Estructura del indicio.--Forma de evidenciar los errores en la construcción del indicio | |
| 650 | 0 | _aProcedimiento penal. | |
| 908 | _a160627 | ||
| 942 |
_cBK _h347.06 _iF43r _2ddc |
||
| 999 |
_c49794 _d49794 _x2 |
||